A History of Participation in Museums and Archives (Record no. 22683)
[ view plain ]
| 000 -LEADER | |
|---|---|
| fixed length control field | 00519nam a2200121Ia 4500 |
| 008 - FIXED-LENGTH DATA ELEMENTS--GENERAL INFORMATION | |
| fixed length control field | 220620s9999||||xx |||||||||||||| ||und|| |
| 245 #2 - TITLE STATEMENT | |
| Title | A History of Participation in Museums and Archives |
| Remainder of title | Traversing Citizen Science and Citizen Humanities |
| 546 ## - LANGUAGE NOTE | |
| Language note | English[eng] |
| 650 ## - SUBJECT ADDED ENTRY--TOPICAL TERM | |
| Topical term or geographic name entry element | Museology and heritage studies||Library, archive and information management |
| 700 ## - ADDED ENTRY--PERSONAL NAME | |
| Personal name | Hetland, Per||Pierroux, Palmyre||Esborg, Line |
| 856 ## - ELECTRONIC LOCATION AND ACCESS | |
| Uniform Resource Identifier | <a href="https://library.oapen.org/bitstream/20.500.12657/51588/1/9780429590788.pdf">https://library.oapen.org/bitstream/20.500.12657/51588/1/9780429590788.pdf</a> |
| 942 ## - ADDED ENTRY ELEMENTS (KOHA) | |
| Koha item type | E-Books |
| Withdrawn status | Lost status | Damaged status | Not for loan | Home library | Current library | Date acquired | Total Checkouts | Date last seen | Price effective from | Koha item type |
|---|---|---|---|---|---|---|---|---|---|---|
| Kerala University of Digital Sciences, Innovation and Technology Knowledge Centre | Kerala University of Digital Sciences, Innovation and Technology Knowledge Centre | 20/06/2022 | 20/06/2022 | 20/06/2022 | E-Books |